[Event "Koltsovo op"]
[Site "Koltsovo"]
[Date "2014.07.03"]
[Round "6"]
[White "Rodionov, Dmitriy"]
[Black "Khanina, Maria"]
[Result "0-1"]
[WhiteElo "1864"]
[BlackElo "1660"]
[PlyCount "48"]
[EventDate "2014.06.28"]
[EventType "swiss"]
[EventRounds "9"]
[EventCountry "RUS"]
[SourceTitle "CBM 161 Extra"]
[Source "ChessBase"]
[SourceDate "2014.08.29"]
[SourceVersion "1"]
[SourceVersionDate "2014.08.29"]
[SourceQuality "1"]

1. e4 e5 2. Nf3 Nc6 3. Bc4 Nf6 4. Ng5 d5 5. exd5 Nd4 6. h3 b5 7. Bb3 Nxb3 8. axb3 Qxd5 9. 0-0 Bb7 10. Nf3 Bd6 11. Nc3 Qc6 12. d3 b4 13. Ne2 0-0 14. Ng3 e4 15. Nxe4 Nxe4 16. dxe4 Qxe4 17. Be3 Rad8 18. Qe2 Bc5 19. Rfd1 Rfe8 20. Rxd8 Rxd8 21. Rd1 Bd6 22. Kh1 Re8 23. Qd2 Qf5 24. Ng1 Qe5 0-1

[Event "Koltsovo op"]
[Site "Koltsovo"]
[Date "2014.06.29"]
[Round "2"]
[White "Rodionov, Dmitriy"]
[Black "Frolov, Ivan A"]
[Result "0-1"]
[WhiteElo "1864"]
[BlackElo "1724"]
[PlyCount "64"]
[EventDate "2014.06.28"]
[EventType "swiss"]
[EventRounds "9"]
[EventCountry "RUS"]
[SourceTitle "CBM 161 Extra"]
[Source "ChessBase"]
[SourceDate "2014.08.29"]
[SourceVersion "1"]
[SourceVersionDate "2014.08.29"]
[SourceQuality "1"]

1. e4 c6 2. Nc3 d5 3. Nf3 Bg4 4. h3 Bxf3 5. Qxf3 e6 6. d3 Nf6 7. Bd2 Nbd7 8. 0-0-0 Bd6 9. g4 Qc7 10. g5 Ne5 11. Qg2 Nfd7 12. h4 b5 13. exd5 exd5 14. f4 Ng6 15. Re1+ Kd8 16. f5 Nf4 17. Bxf4 Bxf4+ 18. Kb1 a5 19. g6 hxg6 20. fxg6 Bg3 21. Re3 Rxh4 22. Rxh4 Bxh4 23. Rh3 Qe5 24. Be2 Be7 25. Rh8+ Bf8 26. gxf7 Kc7 27. Rg8 Nf6 28. d4 Qxd4 29. Rxg7 Ne4 30. Rg4 Nxc3+ 31. Ka1 Qd2 32. Qh2+ Bd6 0-1